Melodifestivalen 2026 - Quiz - Statistics

General Stats
  • This quiz has been taken 30 times
  • The average score is 16 of 30
Answer Stats
Heat Artist Song % Correct
1st Greczula Half Of Me
100%
2nd A*Teens Iconic
96%
3rd Robin Bengtsson Honey Honey
89%
1st Felicia My System
89%
3rd Jacqline Woman
86%
1st Medina Viva l'Amor
79%
6th Junior Lerin Copacabana Boy
71%
3rd Meira Omar Dooset Daram
71%
2nd Saga Ludvigsson Ain't Today
68%
1st Smash Into Pieces Hollow
68%
1st Lilla Al-Fadji Delulu
64%
6th Arwin Glitter
61%
2nd Sanna Nielsen Waste Your Love
57%
4th Indra Beautiful Lie
50%
5th AleXa Tongue Tied
50%
2nd Brandsta City Släckers Rakt In I Elden
46%
3rd Eva Jumatate Selfish
46%
5th Noll2 Berusade Ord
43%
5th Patrik Jean Dusk Till Dawn
43%
2nd Cimberly Eternity
43%
4th Korslagda King of Rock 'n' Roll
43%
6th Emilia Pantic Ingenting
39%
4th Laila Adèle Oxygen
39%
5th Klara Almström Där Hela Världen Vantär
25%
3rd Vilhelm Buchaus Hearts Don't Lie
25%
6th Bladë Who You Are
25%
4th Erika Jonsson Från landet
21%
6th Felix Manu Hatar Att Jag Älskar Dig
21%
5th Timo Räisänen Ingenting är efter oss
21%
4th Juliett Långt från alla andra
18%
No matching quizzes found
Score Distribution
Percent of People with Each Score
Percentile by Number Answered
Your Score History
You have not taken this quiz